| 000 | 00627nam a22001457a 4500 | ||
|---|---|---|---|
| 008 | 230427b |||||||| |||| 00| 0 eng d | ||
| 040 |
_aNational Science Library _cNational Science Library |
||
| 080 |
_a534(063) _bK2 |
||
| 245 |
_aFourth international congress on acoustics congress report II _c/The Organization Committee of the Fourth International Congress on Acoustics, copenhagen august 21-28 1962 |
||
| 260 |
_aCopenhagan: _bThe Organization Committee of the Fourth International Congress on Acoustics, _c1962 |
||
| 300 | _a250p. | ||
| 650 | _aAcoustical quality | ||
| 653 | _aComputer-catalyzed | ||
| 942 |
_2udc _cREP |
||
| 999 |
_c23968 _d23968 |
||